000 00385nam a2200145Ia 4500
008 231129s2013||||xx |||||||||||||| ||spa||
020 _a978-958-8704-67-8
040 _bspa
082 _a791.43 A676c
100 _aArdila Omar
245 0 _aCartografí­as Cinematográficas
260 _c2013
264 _aGente Nueva Editorial
942 _2ddc
_cBKS
999 _c6745
_d6745